Guidelines for physical educators of mentally handicapped youth : curriculum, assessment, IEPs /

Bibliographic Details
Main Author: Finholt, Joan M.
Other Authors: Peterson, Belinda A., Colvin, Nola R.
Format: Book
Language:English
Published: Springfield, Ill., U.S.A. : C.C. Thomas, [1987]
Edition:[2nd ed.].
Subjects:

MARC

Tag First Indicator Second Indicator Subfields
LEADER 00000cam a2200000 a 4500
001 in00000030057
005 20151007054850.0
008 870629r19871981ilua b 00110 eng
010 |a  87050795  
020 |a 0398053944 (pbk.) 
035 |a (OCoLC)16921300 
035 |9 AAB6472AM 
040 |a DLC  |c DLC  |d TXA  |d UtOrBLW 
049 |a TXAM  |c [A11110289] 
050 0 0 |a GV445  |b .F56 1987 
082 0 |a 371.9/044  |2 19 
100 1 |a Finholt, Joan M. 
245 1 0 |a Guidelines for physical educators of mentally handicapped youth :  |b curriculum, assessment, IEPs /  |c by Joan M. Finholt, Belinda A. Peterson, Nola R. Colvin. 
250 |a [2nd ed.]. 
264 1 |a Springfield, Ill., U.S.A. :  |b C.C. Thomas,  |c [1987] 
264 4 |c ©1987 
300 |a vii, 110 pages :  |b illustrations ;  |c 28 cm. 
336 |a text  |b txt  |2 rdacontent 
337 |a unmediated  |b n  |2 rdamedia 
338 |a volume  |b nc  |2 rdacarrier 
500 |a Rev edition of: Guidelines for physical educators of mentally handicapped youth / Nola R. Colvin. c1981. 
504 |a Bibliography: page 107. 
500 |a Includes index. 
650 0 |a Physical education for youth with mental disabilities  |x Study and teaching. 
650 0 |a Physical education for youth with mental disabilities  |x Curricula. 
650 0 |a Lesson planning. 
650 0 |a Physical fitness  |x Testing. 
700 1 |a Peterson, Belinda A. 
700 1 |a Colvin, Nola R. 
730 0 |a Colvin, Nola R.  |t Guidelines for physical educators of mentally handicapped youth. 
999 |a MARS 
999 f f |s 4d402f64-cb2e-39b5-b206-497165cf39ea  |i d4be624b-7d1e-320a-af21-bcbd30852630  |t 0 
952 f f |p ric  |a Texas A&M University  |b Rellis Campus  |c Joint Library Facility  |d Remote Storage  |t 0  |e GV445 .F56 1987  |h Library of Congress classification  |i unmediated -- volume  |m A14811110289 
998 f f |a GV445 .F56 1987  |t 0  |l Remote Storage